The sociologically examined life : (Record no. 742)
[ view plain ]
| 000 -LEADER | |
|---|---|
| fixed length control field | 00606pam a2200193 4500 |
| 001 - CONTROL NUMBER | |
| control field | 1053 |
| 005 - DATE AND TIME OF LATEST TRANSACTION | |
| control field | 20181127162624.0 |
| 008 - FIXED-LENGTH DATA ELEMENTS--GENERAL INFORMATION | |
| fixed length control field | 970625s1998 cau b 000 0 eng |
| 010 ## - LIBRARY OF CONGRESS CONTROL NUMBER | |
| LC control number | 97027097 |
| 020 ## - INTERNATIONAL STANDARD BOOK NUMBER | |
| International Standard Book Number | 0767402359 |
| International Standard Book Number | 155934931X |
| 100 1# - MAIN ENTRY--PERSONAL NAME | |
| Personal name | Schwalbe, Michael, |
| Dates associated with a name | 1956- |
| 245 14 - TITLE STATEMENT | |
| Title | The sociologically examined life : |
| Remainder of title | pieces of the conversation / |
| Statement of responsibility, etc. | Michael Schwalbe. |
| 260 ## - PUBLICATION, DISTRIBUTION, ETC. | |
| Place of publication, distribution, etc. | Mountain View, Calif. : |
| Name of publisher, distributor, etc. | Mayfield Pub., |
| Date of publication, distribution, etc. | c1998. |
| 300 ## - PHYSICAL DESCRIPTION | |
| Extent | vii, 207 p. ; |
| Dimensions | 22 cm. |
| 504 ## - BIBLIOGRAPHY, ETC. NOTE | |
| Bibliography, etc. note | Includes bibliographical references. |
| 650 #0 - SUBJECT ADDED ENTRY--TOPICAL TERM | |
| Topical term or geographic name entry element | Sociology |
| General subdivision | Methodology. |
| Topical term or geographic name entry element | Sociology |
| General subdivision | Philosophy. |
| Withdrawn status | Lost status | Source of classification or shelving scheme | Damaged status | Not for loan | Collection code | Home library | Current library | Shelving location | Date acquired | Serial Enumeration / chronology | Inventory number | Total Checkouts | Full call number | Barcode | Date last seen | Date last checked out | Price effective from | Koha item type |
|---|---|---|---|---|---|---|---|---|---|---|---|---|---|---|---|---|---|---|
| Dewey Decimal Classification | Main TEST | RTC Library | RTC Library | Main opac | 28/06/2021 | 817 | 2 | 301.01 SCH | 30005358 | 03/11/2021 | 31/08/2021 | 27/11/2018 | Main |